V Česku majú novú vládnu koalíciu

Bibliographic Details
Main Author: Morvay, Peter, 1968-2020 (Author)
Format: Article
Language:Slovak
PhysicalDescription:Fotogr.
ISSN:1335-440X
Subjects:

MARC

LEADER 00000nab a2200000 ar4500
001 vtls008936704
003 SK-MaSNL
005 20260303070652.0
008 061229c20061229xo |||||||||||000 b|slo
015 |a SNBRB2007/01  |2 snkbucl 
038 |a SNKBUCL 
040 |a SNKBUCL  |b slo  |c SNKBUCL  |e AACR2 
041 0 |a slo 
044 |a xo  |c SK 
080 |a 328.1  |x (437.1/.2)  |2 2001 
100 1 |a Morvay, Peter,  |d 1968-2020  |4 aut  |9 197202 
245 1 0 |a V Česku majú novú vládnu koalíciu  |c Peter Morvay 
300 |b Fotogr. 
610 1 7 |a Česko.  |b Vláda  |2 snkbucl  |9 113104 
648 7 |a 2006  |2 snkbucl  |9 313148 
773 0 |t Sme. Práca  |g Roč. 15, č. 298 (29.12.2006), s. 10  |x 1335-440X 
852 |a SNK  |b KIS3GCP 
958 |a CZ 
999 |c 1756423  |d 1758353